Kolory linii tramwajowych w Poznaniu - Statystyki

Ogólne statystyki
  • Ten quiz został rozwiązany 61 razy
  • Średni wynik to 14 z 19
Statystyki odpowiedzi
Obrazkowy Odpowiedź % Poprawnych
1
80%
16
78%
17
78%
8
78%
11
76%
12
76%
18
76%
4
76%
6
76%
14
74%
15
74%
3
74%
5
74%
7
74%
10
72%
13
72%
19
72%
2
72%
9
72%
Nie znaleziono quizów pasujących do podanych kryteriów
Rozkład punktacji
Procent ludzi z każdym wynikiem
Percentyl według liczby udzielonych odpowiedzi
Twoja historia wyników
Nie rozwiązałeś tego quizu